02050cam a2200541 i 450000100060000000300090000600500170001500800410003201500180007303500230009103500360011403500140015003500210016403500160018503500230020103500440022404000280026804600090029608000110030508000170031608000120033324501390034525000150048426000550049930000780055433600270063233700540065933800280071338000160074138000270075738000230078438500390080738800140084638800140086050400480087452101790092265000250110165000220112665000240114865500240117265800280119670000380122470000450126270000300130770000320133771000400136985600990140917891KOSZ 00520250825092127.0250825s1978 pl a f 001 0 pol  aUWD 1978/7320 a991018923369705066 a(PL-WaBN)b15127199-48omnis_nlop ab15127199 a(OCoLC)812713045 axx002588124 a(PL)b0000001512719 a(EXLNZ-48OMNIS_NETWORK)9910247520405606 aWA NcWA NdKOSZ 005/RW k1978 a621.38 a621.3.037.37 a621.31700aPrzetworniki cyfrowe sygnałów elektrycznych :bpodstawy teoretyczne : praca zbiorowa /c[autorzy Bartłomiej Beliczyński et al.]. aWydanie I. aWarszawa :bWydawnictwa Naukowo-Techniczne,c1978. a350, [2] stron, [1] karta tablic :bilustracje, tabele, wykresy ;c21 cm. aTekstbtxt2rdacontent aBez urządzenia pośredniczącegobn2rdamedia aWoluminbnc2rdacarrier aKsiążki aPublikacje dydaktyczne aPublikacje fachowe mPoziom nauczaniaaSzkoły wyższe1 a1901-20001 a1945-1989 aBibliografia na stronach [341]-343. Indeks.8 aKsiążka jest przeznaczona dla inżynierów elektryków, elektroników i automatyków. Może być także przydatna dla studentów wyższych uczelni technicznych. 7aElektrotechnika2DBN 7aPrzetworniki2DBN 7aUkład cyfrowy2DBN 7aPraca zbiorowa2DBN aInżynieria i technika1 aBeliczyński, BartłomiejeAutor1 aJaworski, Janusz Mariand(1937- )eAutor1 aOrzyłowski, MarekeAutor1 aŚwiderski, TadeuszeAutor2 aWydawnictwa Naukowo-Techniczne4pbl uhttps://koha.tu.koszalin.pl/cgi-bin/koha/opac-detail.pl?biblionumber=17891yKatalog online BPK